000 02199nam0a2200409 4500
001 RU\NLR\bibl\68850
005 20260407053704.0
010 _a5-87247-132-7
_91000
021 _aRU
_b1998-34650
_91644
035 _a(NLR Aleph) 000067160
090 _a368655
_c368655
100 _a20000207d1998 |||y0rusy50 ca
101 0 _arus
102 _aRU
105 _aa |||||||||
200 1 _aОсуществление преемственности в дошкольном образовательном учреждении и начальной школе
_f[Г.М. Федосимов, проф., чл.-кор. АПСН, Н.Н. Кулинич, Р.А. Должикова, И.П. Ищенко
_gНауч. ред. А.Д. Сазонов, д.п.н., проф.]
_gМ-во общ. и проф. образования РФ, Ин-т повышения квалификации и переподгот. работников образования Кург. обл. и др.
210 _aКурган
_cКург. ИПК
_cЗауралье
_d1998
215 _a174 с.
_cсхем.
_d21
300 _aВ надзаг. также: Кург. гос. ун-т, Дошк. образоват. учреждение N 45 г. Курган
320 _aБиблиогр.: с 61-64 (79 назв.)
606 0 _aДошкольники
_xПодготовка к школе
_9946126
_3RU\NLR\AUTH\66350833
606 0 _aНачальная школа
_xУчебно-воспитательная работа
_91763157
_3RU\NLR\auth\66790992
686 _aЧ411.389
686 _aЧ421.2,01
701 1 _aФедосимов
_bГ. М.
_4070
701 1 _aКулинич
_bН. Н.
_4070
701 1 _aДолжикова
_bР. А.
_4070
701 1 _aИщенко
_bИ. П.
_4070
702 1 _aСазонов
_bА. Д.
_4340
712 0 2 _4570
_aИнститут повышения квалификации и переподготовки работников образования Курганской области
_3RU\NLR\AUTH\8810023716
_9545457
801 0 _aRU
_bNLR
_c20000207
_gPSBO
801 1 _aRU
_bNLR
_c20000207
852 _aNLR
_j99-3/17686
942 _cBOOK
980 _aNB